000 01442nam a2200385 i 4500
001 197928
003 ES-MaACL
005 20251217063026.0
008 251031s2022 sp | |||| 000 f spa
017 _aM 1962-2022
_bOficina Depósito Legal Madrid
020 _a978-84-124941-0-5
040 _aES-MaACL
_bspa
_cES-MaACL
_erda
080 _a821.134.2-31"20"
080 _a364.63-055.2(0:82)
100 1 _aCarrasco, José Luis,
_d1980-
_4aut
_9242463
_eaut
245 1 0 _aAños fantasmales /
_cJosé Luis Carrasco
250 _aPrimera edición, febrero de 2022
264 1 _a[Madrid]
_bA.C. Agita Vallecas,
_c[2022]
300 _a224 páginas ;
_c20 cm
336 _aTexto
_2rdacontent
337 _asin mediación
_2rdamedia
338 _avolumen
_2rdacarrier
490 0 _aAutores VK ;
_x6
500 _aSubtítulo de la cubierta: Una novela sobre el maltrato machista
500 _aEjemplar firmado y dedicado por el autor
500 _aÍndice
650 7 _aViolencia de género
_vNovelas
_2embne
_9242464
655 7 _aNovelas sociales
_2tgfbne
_9234402
852 _aES-MaACL
_cDEPO1
_jA-15888
_gDedicatoria autógrafa del autor
_hDonación: José Luis Carrasco
_xEncuadernación rústica con solapas
_9206992
942 _cMONOGRAFIA
_n0
956 _a2
999 _c197928
_d197928